Plan educativo para el Valle del Cauca en los proximos diez años 1996-2005

Saved in:
Bibliographic Details
Corporate Author: Departamento del Valle del Cauca, Gobernación (Author)
Format: Book
Language:Spanish
Published: Cali Imprenta Departamental del Valle del Cauca 1996
Subjects:
Tags: Add Tag
No Tags, Be the first to tag this record!

MARC

LEADER 00000nam a2200000 a 4500
001 UCQ5929
003 CL-VaPUC
008 981009e19960000CK |||||||||||||||||spa|d
082 0 4 |a 379.2  |b DEP  |2 21 
110 2 |a Departamento del Valle del Cauca, Gobernación  |e author  |9 419923 
245 1 0 |a Plan educativo para el Valle del Cauca en los proximos diez años 1996-2005 
300 |a 62 p 
942 |c BK 
945 |d 19981009 00:00:00  |a mvenant 
260 |a Cali  |b Imprenta Departamental del Valle del Cauca  |c 1996 
650 0 |a Planificación de la educación   |9 307333 
650 0 |a Objetivos educativos  |9 306344 
650 0 |a Política educacional  |9 308011 
651 0 |a Colombia  |9 256424 
583 |a last modification  |c 19981009 00:00:00  |k Rodrigo Vera 
999 |c 276002  |d 276000 
952 |0 0  |1 0  |4 0  |6 379_200000000000000_DEP_1996  |7 0  |8 P  |9 313092  |a BIBEDU  |b BIBEDU  |c BIBEDU_PB  |d 2019-11-20  |i 3469190  |o 379.2 DEP 1996  |p 3469190  |r 2024-01-25  |w 2019-11-20  |y BK  |k BME